|
|
|
|
| LEADER |
00758nab a2200181 i 4500 |
| 001 |
misc8054 |
| 005 |
20191106143958.0 |
| 008 |
170607s1905 hu o 0|| hun d |
| 022 |
|
|
|a 0025-0260
|
| 040 |
|
|
|a SZTE Miscellanea Repozitórium
|b hun
|
| 041 |
|
|
|a hun
|
| 100 |
1 |
|
|a Otrok Mihály
|
| 245 |
1 |
2 |
|a A francia nyelv tanításának fejlődése a felsőbb leányiskolákban és az új tanterv
|h [elektronikus dokumentum] /
|c Otrok Mihály
|
| 260 |
|
|
|c 1905
|
| 300 |
|
|
|a 152-158
|
| 490 |
0 |
|
|a Magyar pedagógia : a Magyar Tudományos Akadémia Pedagógiai Bizottságának folyóirata
|v 14
|
| 695 |
|
|
|a Nyelvtanítás idegen nyelvek francia, Nyelvtanítás tanterv, Nyelvtanítás
|
| 856 |
4 |
0 |
|u http://misc.bibl.u-szeged.hu/8054/1/mp_1905_1012_152-158.pdf
|z Dokumentum-elérés
|